| 000 | 00329nam a22001337a 4500 | ||
|---|---|---|---|
| 999 |
_c528236 _d528236 |
||
| 003 | NUST | ||
| 038 | _amsohail | ||
| 082 |
_a363.7065491 _bTWB |
||
| 100 |
_aThe World Bank _919583 |
||
| 245 | _aPakistan Strategic Country Environmental... | ||
| 260 |
_aWashington _bThe World Bank _c2006 |
||
| 300 |
_ap;69 _c23cm |
||
| 942 |
_2ddc _cBK |
||